Harbrace College Handbook

Salvato in:
Dettagli Bibliografici
Autore principale: Hodges, John C.
Altri autori: Whitten, Mary E.
Natura: Libro
Lingua:inglese
Pubblicazione: San Diego Harcourt Brace Jovanovich Pub. 1986
Edizione:10. ed.
Tags: Aggiungi Tag
Nessun Tag, puoi essere il primo ad aggiungerne!!

MARC

LEADER 00000nam a2200000 4500
001 c024270
005 20221220071608.3
041 0 |a eng 
044 |a US 
245 1 0 |a Harbrace College Handbook  |c John C. Hodges, Mary E. Whitten 
250 |a 10. ed. 
264 1 |a San Diego  |b Harcourt Brace Jovanovich Pub.  |c 1986 
300 |a 553 s. 
100 1 |a Hodges, John C. 
700 1 |a Whitten, Mary E.